| 000 | 00927cam a2200289 i 4500 | ||
|---|---|---|---|
| 001 | 012905911 | ||
| 003 | URS | ||
| 005 | 20220117151031.0 | ||
| 008 | 190827t2017 at a 001 0 eng d | ||
| 020 | _a9789814773324 | ||
| 040 |
_aDLC _beng _erda _cDLC _dCDX _dTXA _dOCLCF _dURS |
||
| 042 | _apcc | ||
| 050 | 1 | 4 |
_aQD 253.2 _bM2297 2017 |
| 100 | 1 |
_aMcMurry, John, _eauthor |
|
| 245 | 1 | 0 |
_aOrganic chemistry / _cJohn McMurry. |
| 260 |
_aBelmont, CA : _bBrooks/Cole, Cengage Learning, _cc2012. |
||
| 264 | 1 |
_aAustralia : _bCengage Learning, _c[2017] |
|
| 264 | 4 | _c©2017 | |
| 300 |
_a1 volume (various pagings) : _bcoloured illustrations ; _c26 cm |
||
| 336 |
_2rdacontent _atext |
||
| 337 |
_2rdamedia _aunmediated |
||
| 338 |
_2rdacarrier _avolume |
||
| 500 | _aIncludes index. | ||
| 524 | _aMcMurry, J. (2017). Organic chemistry. Australia: Cengage Learning. | ||
| 650 | 0 |
_aChemistry, Organic _vTextbooks. |
|
| 942 |
_2lcc _cFR |
||
| 999 |
_c16632 _d16632 |
||